Statistics for Panic! At The Disco Song Quiz

Click here to take the quiz!

General Stats

  • This quiz has been taken 358 times
  • The average score is 10 of 12

Answer Stats

HintAnswer% Correct
Champagne, cocaine, gasoline, and most things in betweenDon't Threaten Me With A Good Time
95%
I'm walking the long road, watching the sky fall. The lace in your dress tangles my neck, how do I live?Death Of A Bachelor
94%
I'm taking back the crown, I'm all dressed up and nakedEmperor's New Clothes
94%
Baby we built this house on memoriesHouse Of Memories
92%
These words are knives that often leave scars, the fear of falling apart. Truth be told I never was yoursThis Is Gospel
92%
I taste you on my lips and I can't get rid of you, so I say damn your kiss and the awful things you doNicotine
89%
My touch is black and poisonous,and nothing like my punch-drunk kissVictorious
88%
Where will you be waking up tomorrow morning?Miss Jackson
85%
I chime in, haven't you people ever heard of closing a ***damn doorI Write Sins Not Tragedies
71%
May your feet serve you well, and the rest be sent to hell where they always have belonged cold hearts brew colder songsLet's Kill Tonight
70%
No one wants you when you have no heart and I'm sitting pretty in my brand new scarsHallelujah
68%
In the _____ ______ where villians spend the weekendVegas Lights
67%

Score Distribution

Percentile by Number Answered

Percent of People with Each Score

Your Score History

You have not taken this quiz